La vida y hechos de Estebanillo González, hombre de buen humor, compuesta por él mismo /

Guardado en:
Detalles Bibliográficos
Formato: Libro
Idioma:Español
Publicado: Madrid, España : Espasa-Calpe, 1946, c1946
Colección:(Clásicos Castellanos ; 108, 109)
Temas:
Etiquetas: Agrega una etiqueta
Sin etiquetas, Sé el primero en etiquetar este registro!

MARC

LEADER 00000nam^a2200000^a^4500
001 000361895
005 20250521000000.0
009 20260310115504.801
037 |a Acervo Xavier Clavigero 
041 |a ESP 
082 |a 863.  |b VID 
240 1 4 |a [La vida y hechos de Estebanillo González] 
245 0 3 |a La vida y hechos de Estebanillo González, hombre de buen humor, compuesta por él mismo /  |c Ed. y notas de Juan Millé y Giménez. 
264 4 |a Madrid, España :  |b Espasa-Calpe,  |c 1946, c1946 
300 |a 2 v. (262, 270) 
336 |a texto  |b txt  |2 rdacontenido 
337 |a sin mediación  |b n  |2 rdamedio 
338 |a volumen  |b nc  |2 rdasoporte 
440 1 |a (Clásicos Castellanos ;  |v 108, 109) 
649 |a XX 
650 |a Novela Española 
650 |a Literatura Española -  |y Epoca Clásica, 1500-1700 
650 |a Literatura Renacentista -  |z España 
650 |a Literatura Picaresca -  |z España 
910 |a Fondo General 
920 |a Impresos - Libros 
930 |a Colección General 
940 |a Literatura 
905 |a 101 
901 |a 022539  |b IT1  |c LIT  |u 20250521 
901 |a 022458  |b IT1  |c LIT  |u 20250521 
901 |a 022457  |b IT1  |c LIT  |u 20250521 
901 |a 022533  |b IT1  |c LIT  |u 20250521 
902 |a https://opac.biblio.iteso.mx/vufind/Record/000361895